Programa para la mejora de la docencia universitaria / Luis Miguel Villar Angulo (Coordinador). (Registro nro. 7554)

Detalles MARC
000 -LEADER
fixed length control field 00508nam a22001811a 4500
001 - CONTROL NUMBER
control field 7554
003 - CONTROL NUMBER IDENTIFIER
control field OSt
005 - DATE AND TIME OF LATEST TRANSACTION
control field 20260204212135.0
008 - FIXED-LENGTH DATA ELEMENTS--GENERAL INFORMATION
fixed length control field 071207s2004||||sp ||||||b||||||||||spa||
020 ## - NUMERO DE LIBRO INTERNACIONAL NORMALIZADO
International Standard Book Number 8420543411
245 ## - TÍTULO PROPIAMENTE DICHO: SUBTÍTULO
Title Programa para la mejora de la docencia universitaria / Luis Miguel Villar Angulo (Coordinador).
264 ## - PRODUCTION, PUBLICATION, DISTRIBUTION, MANUFACTURE, AND COPYRIGHT NOTICE
Place of production, publication, distribution, manufacture España : Pearson
300 ## - PHYSICAL DESCRIPTION
Extensión 601 p
500 ## - GENERAL NOTE
General note Incluye CD
650 ## - ASIENTO SECUNDARIO DE MATERIA -- TERMINO TEMÁTICO
Termino Temático Como Elemento de Entrada Pedagogía 2.Educación Superior
700 ## - ASIENTO SECUNDARIO -- NOMBRE PERSONAL
Personal name Villar Angulo, Luis MiguelÌ
942 ## - ADDED ENTRY ELEMENTS (KOHA)
Source of classification or shelving scheme Dewey Decimal Classification
Koha item type Libros
Existencias
Withdrawn status Lost status Source of classification or shelving scheme Damaged status Not for loan Current library Date acquired Total Checkouts Barcode Date last seen Price effective from Koha item type
    Dewey Decimal Classification     Biblioteca UTECO 09/09/2019   013868 09/09/2019 09/09/2019 Libros
    Dewey Decimal Classification     Biblioteca UTECO 09/09/2019   013869 09/09/2019 09/09/2019 Libros
© 2021 Derechos Reservados UTECO - Teléfono: +1 809-585-2291 - Correo electrónico: biblioteca@uteco.edu.do​  
Código postal 43000 ​​
Dirección: Avenida Universitaria No. 100, 
Cotuí, Provincia Sánchez Ramírez, República Dominicana - RNC: 404-00059-6